| 000 | 00451nam a2200169Ia 4500 | ||
|---|---|---|---|
| 999 |
_c27176 _d27176 |
||
| 003 | OSt | ||
| 005 | 20201203105621.0 | ||
| 008 | 190216s9999||||xx |||||||||||||| ||und|| | ||
| 040 | _coclc | ||
| 082 |
_a894.8123 _bPAM/M |
||
| 100 |
_aPamman _97057 |
||
| 245 | 0 |
_aMissi / _cPamman |
|
| 260 |
_bPoorna Publications, _c1994. _aKozhikode: |
||
| 300 | _a245p | ||
| 650 | _aNovel | ||
| 942 |
_cBK _2ddc _h894.8123 _iPAM/M _k894.8123 _mPAM/M |
||